| 000 | 01113cam a2200217 4500 | ||
|---|---|---|---|
| 001 | WB3913-08 | ||
| 008 | 030402n2003 000 0 eng u | ||
| 035 | _a(Sirsi) u121870 | ||
| 245 | _aNew life for old woods | ||
| 260 | _c2003 | ||
| 490 |
_aForestry Commission News Release _v(5722) 25 March 2003 (2) |
||
| 520 | _aThe Forestry Commission and the Northern Ireland Forest Service have published new guidance on restoring the UK's ancient woodlands. Copies of the guide, "Restoration of native woodland on ancient woodland sites", are available from the FC website, http://www.forestry.gov.uk/publications or ordered from Forestry Commission Publications, t +44 (0)870 121 4180, f +44 (0)870 121 4181 or e [email protected]. Forestry Commission News Release http://www.forestry.gov.uk/newsrele.nsf/WebPressReleases/DA9A9A016010757C80256CF00037602D | ||
| 590 | _aWB | ||
| 650 | _aFORESTRY POLICY | ||
| 650 | _aANCIENT WOODLAND | ||
| 650 | _aWOODLAND MANAGEMENT | ||
| 650 | _aNATURAL ENVIRONMENT | ||
| 650 | _aNATURE CONSERVATION | ||
| 690 | _aENVIRONMENTAL AND LAND CONSULTANCY | ||
| 942 | _n0 | ||
| 999 |
_c72425 _d72425 |
||